000 00613nam a2200193 i 4500
001 88142
003 ES-MaACL
005 20250831124737.0
007 t|
008 050103s1950 sp ||||1| spa d
100 1 _aLagoma, Alfonso.
_969591
245 1 0 _aCálculo y aplicación de los transformadores /
_cpor Alfonso Lagoma.
260 _aBarcelona :
_bJuan Bruguer,
_c1950 (
_fImp. Moderna)
300 _a227 p. :
_bil. ;
_c17 cm.
490 1 _aBiblioteca práctica de Radio ;
_v3
830 0 0 _aBiblioteca práctica de radio
_v3
_9184054
852 _aES-MaACL
_jD-7380
_bR.29245
999 _c88142
_d88142